000
00347 a2200169 4500
001
192286
020
_a
978-85-7153-349-3
040
_c
Magnum
100
_a
Rios, Maria ZoƩ
240
1
0
_a
O nome do jogo
_l
por
245
1
0
_a
O nome do jogo
300
_a
40
362
0
_a
2016
440
1
_a
RHJ
697
_a
LITERATURA INFANTO
942
_c
BK
999
_c
192286
_d
192286